Jak zajistit bezpečnost práce zaměstnanců na home office

Práca z domu ako flexibilná forma výkonu závislej práce. Opatrenie home office v rámci zníženia rizika šírania ochorenia COVID-19. Podmienky zavedenia práce z domu. Odporúčania pre zamestnávateľa v oblasi BOZP a požiadavky na domáce pracovisko. Dokázateľnosť pracovného úrazu v rámci home office.

Guardado en:
Detalles Bibliográficos
Autor principal: Valentová, Klára
Formato: Capítulo de libro
Lenguaje:checo
Materias:
Etiquetas: Agregar Etiqueta
Sin Etiquetas, Sea el primero en etiquetar este registro!

MARC

LEADER 00000naa a2200000 4500
001 0272851
005 20210409121846.0
041 0 |a cze 
044 |a CZ 
245 1 0 |a Jak zajistit bezpečnost práce zaměstnanců na home office  |c Klára Valentová 
520 |a Práca z domu ako flexibilná forma výkonu závislej práce. Opatrenie home office v rámci zníženia rizika šírania ochorenia COVID-19. Podmienky zavedenia práce z domu. Odporúčania pre zamestnávateľa v oblasi BOZP a požiadavky na domáce pracovisko. Dokázateľnosť pracovného úrazu v rámci home office. 
610 2 0 |a zamestnanci 
610 2 0 |a zamestnávatelia 
610 2 0 |a bezpečnosť práce 
610 2 0 |a práca flexibilná 
610 2 0 |a práca z domu 
610 2 0 |a pracovisko 
100 1 |a Valentová, Klára